000 00552nam a22001817a 4500
999 _c7492
_d7492
003 OSt
005 20211116140046.0
008 211116b ||||| |||| 00| 0 eng d
020 _a9780415512466
040 _cMUST
082 _a338.9CRE2008
245 _aCreative Industries and Developing Countries
_bVoice, choice and economic growth
_cEdited by: Diana Barrowclough, Zeljka Kozul-Wright
260 _aLondon
_bRoutledge
_c2008
300 _a334p:.
_bill;
_c24cm
500 _aInclude: index
650 _aEconomic Growth
_96856
942 _2ddc
_cO_SHELF